| 000 | 01183cam a2200325 a 4500 | ||
|---|---|---|---|
| 005 | 20260322212014.0 | ||
| 008 | data | ||
| 010 | _a 2003267998 | ||
| 020 | _a9780152047313 (pbk.) | ||
| 020 | _a015204731X (pbk.) | ||
| 040 |
_aDLC _cDLC _dDLC |
||
| 042 |
_apcc _apcc |
||
| 050 | 0 | 0 |
_aPZ7.N8248 _bBm 1998 |
| 082 | 0 | 4 |
_a[Fic] _222 |
| 099 | _aNORTOM | ||
| 100 | 1 | _aNorton, Mary. | |
| 245 | 1 | 4 |
_aThe Borrowers avenged / _cMary Norton, Beth Krush & Joe Krush. |
| 250 | _a1st Harcourt Young Classics ed. | ||
| 260 |
_aBoston : _bSandpiper/ Houghton Mifflin Harcourt, _c[1998]. |
||
| 300 |
_a298 p. : _bill. ; _c20 cm. |
||
| 500 | _aSequel to: The Borrowers aloft. | ||
| 500 | _a"An Odyssey/Harcourt Young Classic." | ||
| 520 | _aEscaping from an attic where they had been held captive over the long, dark winter, a family of tiny people sets up house in an old rectory. | ||
| 650 | 1 | _aFantasy. | |
| 700 | 1 |
_aKrush, Beth, _eill. |
|
| 700 | 1 |
_aKrush, Joe, _eill. |
|
| 856 | 4 | 2 |
_3Contributor biographical information _uhttp://www.loc.gov/catdir/bios/har051/2003267998.html |
| 856 | 4 | 2 |
_3Publisher description _uhttp://www.loc.gov/catdir/description/har031/2003267998.html |
| 001 | data | ||
| 999 |
_c289 _d289 |
||